LIBRARY & INFORMATION CENTRE, KCAET, TAVANUR

ONLINE PUBLIC ACCESS CATALOGUE (OPAC)

Repair and keep your car running / (Record no. 10549)

MARC details
000 -LEADER
fixed length control field 00582cam a2200241ua 4500
041 ## - LANGUAGE CODE
Language code of text/sound track or separate title eng
082 ## - DEWEY DECIMAL CLASSIFICATION NUMBER
Classification number 629.2223
Item number GUP/RE
100 ## - MAIN ENTRY--AUTHOR NAME
Personal name Gupta, K N .
245 ## - TITLE STATEMENT
Title Repair and keep your car running /
250 ## - EDITION STATEMENT
Edition statement 1 /
260 ## - PUBLICATION, DISTRIBUTION, ETC. (IMPRINT)
Place of publication Newdelhi :
Name of publisher New heights ,
Year of publication 1983.
300 ## - PHYSICAL DESCRIPTION
Number of Pages 99 :
Other physical details 506 ; .
700 1# - ADDED ENTRY--PERSONAL NAME
Personal name Dev, R .
700 1# - ADDED ENTRY--PERSONAL NAME
Personal name Kaushish, J P .
942 ## - ADDED ENTRY ELEMENTS (KOHA)
Koha item type Books
Holdings
Withdrawn status Lost status Damaged status Home library Current library Date acquired Full call number Accession Number Koha item type
      KAUAET KAUAET 07/04/2012 629.2223 14530 Books
      KAUAET KAUAET 07/04/2012 629.2223 14527 Books
      KAUAET KAUAET 07/04/2012 629.2223 14528 Books
      KAUAET KAUAET 07/04/2012 629.2223 14529 Books
free website counter